| Tag |
First Indicator |
Second Indicator |
Subfields |
| LEADER |
00000cam a2200000 i 4500 |
| 001 |
in00005755721 |
| 005 |
20260326205927.2 |
| 006 |
m o d |
| 007 |
cr cnu---unuuu |
| 008 |
140811s1978 enka o 001 0 eng d |
| 040 |
|
|
|a OPELS
|b eng
|e rda
|e pn
|c OPELS
|d N$T
|d OCLCF
|d YDXCP
|d E7B
|d OCLCQ
|d STF
|d UKAHL
|d HNC
|d OCLCO
|d OCLCQ
|d OCL
|d OCLCO
|d OCLCL
|d OCLCQ
|
| 019 |
|
|
|a 896842387
|
| 020 |
|
|
|a 9781483104485
|q (electronic bk.)
|
| 020 |
|
|
|a 1483104486
|q (electronic bk.)
|
| 020 |
|
|
|z 9780408003537
|
| 035 |
|
|
|a (OCoLC)886400857
|z (OCoLC)896842387
|
| 050 |
|
4 |
|a TK7872
|b .C27 1978eb
|
| 072 |
|
7 |
|a TEC
|x 009070
|2 bisacsh
|
| 082 |
0 |
4 |
|a 621.3815/3042
|2 22
|
| 049 |
|
|
|a TXAM
|
| 100 |
1 |
|
|a Marston, R. M.,
|e author.
|
| 245 |
1 |
0 |
|a 110 waveform generator projects for the home constructor /
|c R.M. Marston.
|
| 264 |
|
1 |
|a Sevenoaks, Kent :
|b Newnes Technical Books,
|c [1978]
|
| 264 |
|
4 |
|c ©1978
|
| 300 |
|
|
|a 1 online resource (134 pages) :
|b illustrations
|
| 336 |
|
|
|a text
|b txt
|2 rdacontent
|
| 337 |
|
|
|a computer
|b c
|2 rdamedia
|
| 338 |
|
|
|a online resource
|b cr
|2 rdacarrier
|
| 500 |
|
|
|a Includes index.
|
| 588 |
0 |
|
|a Print version record.
|
| 650 |
|
0 |
|a Cathode ray oscillographs.
|
| 650 |
|
0 |
|a Oscillographs.
|
| 650 |
|
0 |
|a Light-beam oscillographs.
|
| 650 |
|
6 |
|a Oscillographes.
|
| 650 |
|
7 |
|a oscillographs.
|2 aat
|
| 650 |
|
7 |
|a TECHNOLOGY & ENGINEERING
|x Mechanical.
|2 bisacsh
|
| 650 |
|
7 |
|a Oscillographs
|2 fast
|
| 650 |
|
7 |
|a Light-beam oscillographs
|2 fast
|
| 650 |
|
7 |
|a Cathode ray oscillographs
|2 fast
|
| 655 |
|
7 |
|a Electronic books.
|2 local
|
| 710 |
2 |
|
|a ScienceDirect (Online service)
|
| 758 |
|
|
|i has work:
|a 110 waveform generator projects for the home constructor (Text)
|1 https://id.oclc.org/worldcat/entity/E39PCGXRDkFkF3jGT64FHtrMdP
|4 https://id.oclc.org/worldcat/ontology/hasWork
|
| 776 |
0 |
8 |
|i Print version:
|a Marston, R.M.
|t 110 waveform generator projects for the home constructor
|z 0408003537
|w (DLC) 78040151
|w (OCoLC)5069846
|
| 856 |
4 |
0 |
|u http://proxy.library.tamu.edu/login?url=https://www.sciencedirect.com/science/book/9780408003537
|z Connect to the full text of this electronic book
|t 0
|
| 955 |
|
|
|a Elsevier ScienceDirect 2026-2027
|
| 994 |
|
|
|a 92
|b TXA
|
| 999 |
f |
f |
|i 071ae722-53f4-4a6d-bfa7-beeed216768f
|s 89ecaf1c-4c05-45d0-9c30-a545f721b9fa
|t 0
|
| 952 |
f |
f |
|a Texas A&M University
|b College Station
|c Electronic Resources
|s www_evans
|d Available Online
|t 0
|e TK7872 .C27 1978eb
|h Library of Congress classification
|
| 998 |
f |
f |
|a TK7872 .C27 1978eb
|t 0
|l Available Online
|